| 000 | 01054nam a22003017a 4500 | ||
|---|---|---|---|
| 003 | CHAP | ||
| 005 | 20220329143541.0 | ||
| 008 | 100517s2007 fr r 00010 eng d | ||
| 010 | _a98422 | ||
| 011 | _a99394 | ||
| 035 | _a110080 | ||
| 040 | _cCHAP | ||
| 090 | _aFolleto 17651 (2007) Suppl. 1 | ||
| 110 | 2 |
_aOrganización para la Cooperación y el Desarrollo Económicos. París _983559 |
|
| 245 | 1 | 0 |
_aOECD in figures _c/by Organización para la Cooperación y el Desarrollo Económicos |
| 260 |
_aParis : _bOECD, _c2007 |
||
| 300 |
_a91 p. : _bgráfs., tablas |
||
| 590 |
_aBATCH-UPD _b10 _c20130110 _lUCH01 _h1316 |
||
| 590 |
_aBATCH-UPD _b10 _c20130410 _lUCH01 _h0827 |
||
| 590 |
_aBATCH-UPD _b10 _c20130914 _lUCH01 _h1026 |
||
| 590 |
_aCONVERSION _b10 _c20130109 _lUCH01 _h1354 |
||
| 650 | 1 | 4 |
_aCondiciones económicas. _926324 |
| 650 | 1 | 4 |
_aEuropa _xCondiciones económicas. _938863 |
| 650 | 1 | 4 |
_aPublicaciones periódicas. _992714 |
| 901 | _aBK | ||
| 942 | _cFOLL | ||
| 949 |
_aFolleto 17651 (2007) Suppl.1 _bBC _cFOLL _d33724002166842 _eTS1 _i110080 _sb |
||
| 999 |
_c98422 _d98422 |
||